Culture Générale - Série 1871 - Statistiques

Statistiques générales
  • Ce quiz a été pris 99 fois
  • Le résultat moyen est 4 sur 10
Statistiques - réponses
Question Réponse % Correct
Quelle est la capitale du Népal ? Katmandou
86%
Dans quel pays d'Amérique du sud se trouve la ville de Manaus ? Brésil
85%
Qui a sculpté "Le baiser" ? - voir photo Auguste Rodin
76%
Quel animal est le "sabre" ? poisson
63%
Dans l'Antiquité, quel genre de navire était la "birème" ? galère
48%
Dans la mythologie grecque, qui est la mère d'Ouranos ? Gaïa
41%
Quel anglicisme signifie "résumé, condensé d'un livre" digest
14%
Petit bateau de régate, dériveur monotype gréé en sloop, dont le nom signifie également "chenapan, voyou" vaurien
13%
Dépôt littoral formé de fin gravier et de débris d'algues - anagramme : "larme" maërl
7%
Quel petit oiseau des vignes est appelé "vendangette" ? grise
0%
Aucun quiz correspondant
Distribution des résultats
% des personnes avec chaque résultat
Percentile par nombre de réponses
Votre historique - résultats
Vous n’avez pas pris ce quiz